000 00695nam a2200205 a 4500
001 000031253
005 20240530073935.0
008 110615s1945 dr 000 0 spa d
040 _aDO-SdBNP
_bspa
_cBNPHU
082 _aRD864.44
_bP123p, 1945
100 1 _aPadilla B., Juan E.
_949533
245 1 0 _aPalabras de un director de su propia vida /
_cJuan E. Padilla B.
260 _aCiudad Trtujillo, República Dominicana :
_bRincon,
_c1945.
300 _a66 p. ;
_c21 cm.
590 _aInventariado, 2019/VM
650 0 _aPoesía dominicana
_966
650 0 _aEnsayos dominicanos
_965
650 4 _aLiteraruta dominicana
_xHistoria y crítica
_957715
910 _aValidado. Control de calidad MFF
999 _c30745
_d30745